| 000 | 00433nam a22001697a 4500 | ||
|---|---|---|---|
| 005 | 20180712110024.0 | ||
| 008 | 160525b xxu||||| |||| 00| 0 eng d | ||
| 020 | _a978-0230-63015-4 | ||
| 041 | _aeng | ||
| 082 |
_b4938 _a658.1511 |
||
| 100 |
_aKothari, Rajesh & godha,abhishek _94524 |
||
| 245 | _aManagement Accounting | ||
| 260 |
_aNew Delhi _bAcademic Faundation |
||
| 300 | _a348p. | ||
| 650 |
_aManagement _9241 |
||
| 942 | _cBK | ||
| 999 |
_c1735 _d1734 |
||